000 00451nam a22001937a 4500
003 MPLRDC
005 20220104123623.0
008 210129b ||||| |||| 00| 0 eng d
020 _a957-9140-19-2
082 _a226.6 XB
100 _a萧宾
245 _a人间好时节
_c
250 _a初版
260 _a
_b佑文出版社
_c1994
300 _b
490 _a禅与人生. 9
650 _a佛教宗派--禅宗
942 _cBK
_o226.6 XB
999 _c12858
_d12848